000 00356nam a2200121Ia 4500
005 20251222143208.0
008 251222s9999||||xx |||||||||||||| ||spa||
082 _a582.13/L733
100 _aLleellish Juscamayta, Miguel
245 0 _aGuía de Flora de las Lomas Costeras de Lima
264 _bDirección General Forestal y de Fauna Silvestre
942 _cLIB
999 _c13346
_d13346